|
|
|
|
| LEADER |
00000cam a2200000 7i4500 |
| 001 |
0000001527 |
| 002 |
000001673 |
| 005 |
20000330.0 |
| 020 |
|
|
|a 9837400293
|
| 090 |
0 |
0 |
|a JF
|b ADI
|
| 100 |
0 |
|
|a Adibah Amin
|
| 245 |
1 |
0 |
|a Puteri Ratna yang bijak :
|b Adibah Amin,Beatrice Abraham dan Faridah Ibrahim
|
| 260 |
|
|
|a Petaling Jaya :
|b Longman ,
|c 1993
|
| 300 |
|
|
|a 30p. :
|b ill ;
|c 24cm.
|
| 650 |
0 |
0 |
|a Children's stories
|
| 700 |
1 |
|
|a Abraham, Beatrice
|
| 999 |
|
|
|a 034176
|b BUKU
|c JUNIOR FICTION
|e PERPUSTAKAAN KOMUNITI PETALING JAYA
|
| 999 |
|
|
|a 034177
|b BUKU
|c PINJAMAN
|e PERPUSTAKAAN KOMUNITI PETALING JAYA
|